[Event "13th EICC"]
[Site "Plovdiv BUL"]
[Date "2012.03.31"]
[Round "11.83"]
[White "Georgiadis, Ioannis"]
[Black "Damljanovic, Branko"]
[Result "1-0"]
[WhiteTitle "IM"]
[BlackTitle "GM"]
[WhiteElo "2435"]
[BlackElo "2582"]
[WhiteFideId "4208900"]
[BlackFideId "900125"]
[EventDate "2012.03.20"]
[EventType "swiss"]

1. e4 c5 2. Nf3 d6 3. d4 cxd4 4. Nxd4 Nf6 5. Nc3 a6 6. h3 e6 7. g4 h6 8. Bg2 Bd7
9. Be3 Nc6 10. Qe2 Rc8 11. f4 Be7 12. O-O-O Qa5 13. Nb3 Qc7 14. Kb1 b5 15. Rhe1
Nb8 16. a3 Nh7 17. Qf2 Nc6 18. Nd5 exd5 19. exd5 Ne5 20. fxe5 O-O 21. Bb6 Qb8
22. Na5 dxe5 23. Nc6 Bxc6 24. dxc6 Bh4 25. Qxh4 Qxb6 26. Rxe5 Ng5 27. Qe1 Rxc6
28. h4 Ne6 29. Bxc6 Qxc6 30. Qe4 Rc8 31. Rd8+ Nxd8 32. Re8+ Qxe8 33. Qxe8+ Kh7
34. h5 g6 35. hxg6+ Kxg6 36. Qd7 Ra8 37. Qd5 1-0

[Event "13th EICC"]
[Site "Plovdiv BUL"]
[Date "2012.03.31"]
[Round "11.84"]
[White "Ter-Sahakyan, Samvel"]
[Black "Neubauer, Martin"]
[Result "1-0"]
[WhiteTitle "GM"]
[BlackTitle "IM"]
[WhiteElo "2578"]
[BlackElo "2413"]
[WhiteFideId "13302531"]
[BlackFideId "1602675"]
[EventDate "2012.03.20"]
[EventType "swiss"]

1. e4 c5 2. Nf3 d6 3. d4 cxd4 4. Nxd4 Nf6 5. Nc3 g6 6. Be3 Bg7 7. f3 Nc6 8. Bc4
O-O 9. Qd2 Bd7 10. h4 h5 11. O-O-O Ne5 12. Bb3 Rc8 13. Bg5 Rc5 14. Kb1 b5 15. g4
a5 16. Bxf6 Bxf6 17. gxh5 a4 18. hxg6 axb3 19. h5 bxc2+ 20. Nxc2 fxg6 21. hxg6
Bg7 22. Qh2 Rxf3 23. Qh7+ Kf8 24. Qh8+ Bxh8 25. Rxh8+ Kg7 26. Rxd8 Bc6 27. Nd4
Rcxc3 28. bxc3 Bxe4+ 29. Ka1 Rxc3 30. Nxb5 Rg3 31. Re8 Kf6 32. Nxd6 exd6 33.
Rxd6+ Kf5 34. Rf8+ Kg5 35. g7 1-0

[Event "13th EICC"]
[Site "Plovdiv BUL"]
[Date "2012.03.31"]
[Round "11.86"]
[White "Poetsch, Hagen"]
[Black "Maiorov, Nikita1"]
[Result "1/2-1/2"]
[WhiteTitle "IM"]
[BlackTitle "GM"]
[WhiteElo "2432"]
[BlackElo "2552"]
[WhiteFideId "24615137"]
[BlackFideId "13501720"]
[EventDate "2012.03.20"]
[EventType "swiss"]

1. e4 e5 2. Nf3 Nc6 3. Bb5 a6 4. Bxc6 dxc6 5. O-O f6 6. d4 exd4 7. Nxd4 c5 8.
Ne2 Qxd1 9. Rxd1 Bd7 10. Be3 O-O-O 11. Nbc3 Re8 12. Rd2 Bc6 13. Rad1 b6 14. a4
Bd6 15. a5 bxa5 16. Bf4 Bxf4 17. Nxf4 Nh6 18. f3 f5 19. Nfd5 fxe4 20. Nxe4 Nf5
21. Ra1 Re5 22. c4 Nd6 23. Nxd6+ cxd6 24. Nc3 Kc7 25. Rxa5 Bb7 26. Ra1 Rb8 27.
f4 Re7 28. g3 h6 29. Rd3 Re6 30. b3 Rbe8 31. Kf2 g5 32. f5 Rf8 33. Nd5+ Kb8 34.
g4 h5 35. h3 Re4 36. Re1 Bxd5 37. Rxd5 Rf4+ 38. Kg3 hxg4 39. hxg4 Rh8 40. f6
Rxf6 41. Rxg5 Rfh6 42. Kf4 Kc7 43. Rg7+ Kb6 44. Ree7 Rb8 45. Kg3 Rh1 46. Re3
Rbh8 47. Ree7 R1h3+ 48. Kg2 Rh2+ 49. Kf3 Rb8 50. Rd7 Ka5 51. Rxd6 Rxb3+ 52. Ke4
Kb4 53. Rb7+ Kxc4 54. Rxb3 Kxb3 55. Rxa6 1/2-1/2

[Event "13th EICC"]
[Site "Plovdiv BUL"]
[Date "2012.03.31"]
[Round "11.87"]
[White "Papp, Gabor1"]
[Black "Firat, Burak"]
[Result "1-0"]
[WhiteTitle "GM"]
[BlackTitle "IM"]
[WhiteElo "2551"]
[BlackElo "2405"]
[WhiteFideId "718602"]
[BlackFideId "6305881"]
[EventDate "2012.03.20"]
[EventType "swiss"]

1. e4 c5 2. Nf3 e6 3. d4 cxd4 4. Nxd4 Nf6 5. Nc3 d6 6. Bc4 Be7 7. Be3 O-O 8. Qe2
a6 9. a4 Nxe4 10. Nxe4 d5 11. O-O-O Qa5 12. Nb3 Qxa4 13. Bxd5 exd5 14. Nc3 Qc4
15. Qh5 Nc6 16. f4 Nb4 17. Rhe1 Bd7 18. Bd4 Rfe8 19. f5 Bf8 20. Rf1 a5 21. Rf4
Re4 22. Rf3 Qc6 23. Rg3 f6 24. Bxf6 Qxf6 25. Nxe4 Qxf5 26. Qxf5 Bxf5 27. Nf6+
Kh8 28. Nd4 Bg6 29. Ng4 Rc8 30. Ne5 Be4 31. c3 g6 32. Rf1 Nc6 33. Nf7+ Kg8 34.
Ne6 a4 35. Nxf8 Rxf8 36. Nh6+ Kg7 37. Rxf8 Kxf8 38. Ng4 Ke7 39. Nf2 Bf5 40. Re3+
Kd6 41. g4 Be6 42. Rh3 h5 43. gxh5 Bxh3 44. h6 Ne5 45. h7 Nf7 46. Nxh3 Ke5 47.
Kc2 Kf5 48. Kd3 g5 49. Kd4 Kg6 50. Kxd5 Kxh7 51. Nf2 Kg6 52. c4 Kf5 53. Ne4 Kg4
54. c5 Kh3 55. Ke6 Kxh2 56. Kxf7 g4 57. Ke6 Kg2 58. Nf6 1-0

[Event "13th EICC"]
[Site "Plovdiv BUL"]
[Date "2012.03.31"]
[Round "11.89"]
[White "Pavlidis, Antonios"]
[Black "Neverov, Valeriy"]
[Result "1-0"]
[WhiteTitle "IM"]
[BlackTitle "GM"]
[WhiteElo "2431"]
[BlackElo "2544"]
[WhiteFideId "4212312"]
[BlackFideId "14100150"]
[EventDate "2012.03.20"]
[EventType "swiss"]

1. e4 e5 2. Nf3 Nc6 3. Bb5 a6 4. Ba4 Nf6 5. O-O Be7 6. Re1 b5 7. Bb3 d6 8. c3
O-O 9. h3 Nb8 10. d4 Nbd7 11. Nbd2 Bb7 12. Bc2 c5 13. d5 Ne8 14. a4 g6 15. Qe2
Qb6 16. Nf1 Ng7 17. Bh6 Rfb8 18. b4 Bc8 19. Ne3 Nf6 20. Reb1 Bd7 21. Nd2 Nfh5
22. Nd1 Qc7 23. Bd3 Bf8 24. Be3 cxb4 25. cxb4 Nf4 26. Bxf4 exf4 27. axb5 axb5
28. Rxa8 Rxa8 29. Bxb5 f3 30. Qc4 Qxc4 31. Bxc4 fxg2 32. Kxg2 Nh5 33. b5 Bg7 34.
b6 Nf4+ 35. Kf3 Nxh3 36. b7 Rb8 37. Ba6 h5 38. Ne3 Bc3 39. Nec4 Ng5+ 40. Ke3 f5
41. Rc1 Bb4 42. Nb6 f4+ 43. Kd3 Bg4 44. Nb3 h4 45. Nd4 Bc5 46. Nc6 Rxb7 47. Bxb7
Bxb6 48. e5 h3 49. exd6 Bf5+ 50. Kc4 Kg7 51. d7 Bxd7 52. Ne5 Bf5 53. d6 Kf6 54.
Re1 Bxf2 55. d7 Ne6 56. Re2 Be3 57. Nc6 Bg4 58. Re1 f3 59. Rxe3 f2 60. Kc3 f1=Q
61. Rxe6+ Kxe6 62. d8=Q Qc1+ 63. Kb4 Qb2+ 64. Kc5 Qxb7 65. Qd5+ Kf6 66. Qe4 1-0

[Event "13th EICC"]
[Site "Plovdiv BUL"]
[Date "2012.03.31"]
[Round "11.92"]
[White "Ovod, Evgenija"]
[Black "Benidze, Davit"]
[Result "1/2-1/2"]
[WhiteTitle "IM"]
[BlackTitle "IM"]
[WhiteElo "2408"]
[BlackElo "2530"]
[WhiteFideId "4131827"]
[BlackFideId "13603086"]
[EventDate "2012.03.20"]
[EventType "swiss"]

1. d4 g6 2. e4 Bg7 3. c3 c6 4. Bd3 d5 5. e5 h5 6. Nd2 Nh6 7. Nf1 Bg4 8. Ne2 e6
9. Ne3 Bxe2 10. Qxe2 O-O 11. g4 hxg4 12. Nxg4 Qh4 13. Nxh6+ Bxh6 14. Bxh6 Qxh6
15. h4 Kg7 16. Qe3 Rh8 17. f4 Nd7 18. Kd2 Rag8 19. a4 Nb6 20. a5 Nc8 21. b4 Ne7
22. Rag1 Kf8 23. Rg5 Rg7 24. Qf3 Rgh7 25. Rh3 Qg7 26. h5 Rh6 27. Bf1 f6 28. exf6
Qxf6 29. hxg6 Nxg6 30. Rxh6 Rxh6 31. Rg4 e5 32. f5 e4 33. Qg3 Ne7 34. Be2 Kf7
35. Qc7 Rh1 36. Rf4 b6 37. a6 b5 38. Kc2 Rh2 39. Rxe4 dxe4 40. Qxh2 Qxf5 41. c4
e3+ 42. Bd3 Qf2+ 43. Qxf2+ exf2 44. cxb5 cxb5 45. Kd2 Nf5 46. Bxb5 Nxd4 1/2-1/2

[Event "13th EICC"]
[Site "Plovdiv BUL"]
[Date "2012.03.31"]
[Round "11.94"]
[White "Miron, Lucian-Costin"]
[Black "Kanmazalp, Ogulcan"]
[Result "1/2-1/2"]
[WhiteTitle "IM"]
[BlackTitle "IM"]
[WhiteElo "2518"]
[BlackElo "2389"]
[WhiteFideId "1210920"]
[BlackFideId "6304990"]
[EventDate "2012.03.20"]
[EventType "swiss"]

1. d4 d5 2. c4 e6 3. Nc3 c5 4. cxd5 cxd4 5. Qa4+ Bd7 6. Qxd4 exd5 7. Qxd5 Nc6 8.
Nf3 Nf6 9. Qd1 Bc5 10. e3 Qe7 11. a3 O-O 12. b4 Bb6 13. Bc4 Rac8 14. Qb3 Nd4 15.
Nxd4 Bxd4 16. Bb2 Bc6 17. O-O Bxc3 18. Bxc3 Qe4 19. f3 Qxe3+ 20. Kh1 Bd5 21.
Bxf6 Qxb3 22. Bxb3 Bxb3 23. Bd4 a6 24. Rac1 h6 25. h3 Rxc1 26. Rxc1 Rd8 27. Bb6
Rd1+ 28. Rxd1 Bxd1 29. Bc5 f5 30. Kg1 Kf7 31. Kf2 Ke6 32. Bf8 Kf7 33. Bd6 g5 34.
Ke3 Ke6 35. Bf8 h5 36. Bh6 g4 37. hxg4 hxg4 38. fxg4 fxg4 39. Kd4 Ba4 40. g3 Bc6
41. Bf4 Bf3 1/2-1/2

[Event "13th EICC"]
[Site "Plovdiv BUL"]
[Date "2012.03.31"]
[Round "11.98"]
[White "Paichadze, Luka"]
[Black "Malikentzos, Sotirios"]
[Result "1-0"]
[WhiteTitle "IM"]
[BlackTitle "FM"]
[WhiteElo "2491"]
[BlackElo "2307"]
[WhiteFideId "13602934"]
[BlackFideId "4215079"]
[EventDate "2012.03.20"]
[EventType "swiss"]

1. e4 c6 2. Nc3 d5 3. Nf3 Bg4 4. h3 Bxf3 5. Qxf3 e6 6. d3 Nf6 7. g4 Bb4 8. a3
Bxc3+ 9. bxc3 Qa5 10. Bd2 dxe4 11. dxe4 Na6 12. g5 Nd7 13. Bg2 Rd8 14. Qe2 O-O
15. O-O Ne5 16. Be1 Ng6 17. f4 e5 18. fxe5 Qxe5 19. Rf3 Qc7 20. Qe3 Qb6 21. Qxb6
axb6 22. Rb1 b5 23. c4 bxc4 24. Rxb7 Rd1 25. Rf1 Nf4 26. Ra7 Nxg2 27. Kxg2 Nb8
28. Bb4 Rxf1 29. Kxf1 c5 30. Bxc5 Rd8 31. Ra8 Nc6 32. Rxd8+ Nxd8 33. a4 Nc6 34.
Ke2 f6 35. gxf6 gxf6 36. Bb6 Kf7 37. a5 Nb8 38. Ke3 Ke6 39. Kd4 Kd6 40. Kxc4 Kc6
41. Bd4 Nd7 42. a6 h5 43. a7 Kb7 44. Kd5 Nf8 45. Bxf6 Kxa7 46. e5 Kb7 47. e6 Kc7
48. e7 Nh7 49. Ke6 1-0

[Event "13th EICC"]
[Site "Plovdiv BUL"]
[Date "2012.03.31"]
[Round "11.99"]
[White "Petenyi, Tamas"]
[Black "Grigorov, Grigor"]
[Result "1/2-1/2"]
[WhiteTitle "FM"]
[BlackTitle "GM"]
[WhiteElo "2359"]
[BlackElo "2489"]
[WhiteFideId "14909090"]
[BlackFideId "2907313"]
[EventDate "2012.03.20"]
[EventType "swiss"]

1. e4 g6 2. d4 Bg7 3. Nc3 c6 4. f4 d5 5. e5 Nh6 6. Nf3 f6 7. Be3 Bg4 8. h3 Bxf3
9. Qxf3 O-O 10. exf6 Bxf6 11. O-O-O Nf5 12. g4 Nxe3 13. Qxe3 Qd6 14. Bd3 Bg7 15.
Rhf1 Nd7 16. f5 gxf5 17. Bxf5 Nb6 18. Qe6+ Qxe6 19. Bxe6+ Kh8 20. b3 Rxf1 21.
Rxf1 Bxd4 22. Ne2 Bf6 23. Ng3 Rf8 24. Kd1 Rd8 25. Nf5 Nd7 26. Nxe7 Bxe7 27. Rf7
Nc5 28. Rxe7 Nxe6 29. Rxe6 Rd7 30. Kd2 Kg7 31. Re8 Kf6 32. h4 Rg7 33. Rf8+ Ke5
34. g5 Ke4 35. Ke2 Kd4 36. Kd2 Ke4 37. Ke2 Kd4 38. Kd2 Ke4 39. Ke2 Kd4 40. Kd2
Ke4 41. Ke2 1/2-1/2

[Event "13th EICC"]
[Site "Plovdiv BUL"]
[Date "2012.03.31"]
[Round "11.101"]
[White "Steingrimsson, Hedinn"]
[Black "Klein, David"]
[Result "1-0"]
[WhiteTitle "GM"]
[BlackTitle "FM"]
[WhiteElo "2556"]
[BlackElo "2418"]
[WhiteFideId "2300117"]
[BlackFideId "1003623"]
[EventDate "2012.03.20"]
[EventType "swiss"]

1. c4 g6 2. d4 Nf6 3. Nc3 Bg7 4. e4 d6 5. Be2 O-O 6. Bg5 Na6 7. Qd2 e5 8. d5 Qe8
9. Bd1 Nc5 10. Bc2 a5 11. Nge2 Bd7 12. f3 Kh8 13. g4 Ng8 14. Ng3 Ne7 15. O-O-O
a4 16. h4 f6 17. Be3 f5 18. exf5 gxf5 19. Nh5 f4 20. Bxc5 dxc5 21. Rhe1 Nc8 22.
Ne4 b6 23. Qc3 Nd6 24. Nxg7 Kxg7 25. Nxc5 1-0

[Event "13th EICC"]
[Site "Plovdiv BUL"]
[Date "2012.03.31"]
[Round "11.104"]
[White "Janev, Tihomir"]
[Black "Guliyev, Namig"]
[Result "1-0"]
[WhiteTitle "FM"]
[BlackTitle "GM"]
[WhiteElo "2382"]
[BlackElo "2532"]
[WhiteFideId "2910110"]
[BlackFideId "13400363"]
[EventDate "2012.03.20"]
[EventType "swiss"]

1. Nf3 d5 2. d4 Nf6 3. c4 dxc4 4. e3 e6 5. Bxc4 a6 6. O-O Nbd7 7. a4 b6 8. Nc3
Bb7 9. Qe2 Bb4 10. Rd1 O-O 11. Bd2 Qe7 12. Ne5 Nxe5 13. dxe5 Nd7 14. f4 Nc5 15.
Be1 Rfd8 16. Rd4 Bc6 17. Qg4 Rxd4 18. exd4 Nxa4 19. f5 exf5 20. Qxf5 Bxc3 21.
bxc3 b5 22. Bd3 g6 23. Qf4 Nb6 24. Bh4 Nd5 25. Qh6 Qf8 26. Qd2 Bb7 27. Rf1 Re8
28. Bg5 Re6 29. h4 c5 30. h5 c4 31. Be4 Bc6 32. hxg6 hxg6 33. Qf2 Nc7 34. Bxc6
Rxc6 35. Qh4 Ne8 36. Rf3 Re6 37. Rh3 Qg7 38. Qg4 a5 39. Qf3 Qf8 40. Qa8 b4 41.
Bf6 Rxf6 42. exf6 b3 43. Qb8 a4 44. Qh2 1-0

[Event "13th EICC"]
[Site "Plovdiv BUL"]
[Date "2012.03.31"]
[Round "11.105"]
[White "Rasulov, Vugar"]
[Black "Nedilko, Vasily"]
[Result "1-0"]
[WhiteTitle "GM"]
[BlackTitle "IM"]
[WhiteElo "2526"]
[BlackElo "2392"]
[WhiteFideId "13402390"]
[BlackFideId "14101459"]
[EventDate "2012.03.20"]
[EventType "swiss"]

1. e4 c5 2. Nf3 d6 3. d4 Nf6 4. Nc3 cxd4 5. Nxd4 a6 6. h3 e6 7. g4 Be7 8. Bg2
Nfd7 9. Be3 Nc6 10. Qe2 O-O 11. O-O-O Nde5 12. f4 Nxd4 13. Bxd4 Nc6 14. Be3 Qc7
15. g5 b5 16. h4 b4 17. Na4 a5 18. Kb1 Ba6 19. Qf2 Bb5 20. Nb6 Rab8 21. Bf1 Bxf1
22. Rhxf1 f5 23. exf5 Rxf5 24. Na4 Bf8 25. Qe2 Nd8 26. b3 d5 27. h5 Qc6 28. Bd4
Nb7 29. h6 Rc8 30. Rde1 Nd8 31. Rf2 g6 32. Bf6 Kf7 33. Nb2 Qd7 34. Nd1 Bc5 35.
Rf3 Nb7 36. Be5 Nd6 37. Bxd6 Qxd6 38. Qb5 Qc6 39. Qd3 Bd4 40. Re2 Bh8 41. Ne3
Qb6 42. Qd1 Rc3 43. Re1 Qd4 44. Qxd4 Bxd4 45. Nxf5 gxf5 46. Rd3 Bf2 47. Rf1 Be3
48. Rxc3 bxc3 49. a3 Kg6 50. b4 axb4 51. axb4 e5 52. fxe5 1-0

[Event "13th EICC"]
[Site "Plovdiv BUL"]
[Date "2012.03.31"]
[Round "11.106"]
[White "Nestorovic, Lazar"]
[Black "Kabanov, Nikolai"]
[Result "0-1"]
[WhiteTitle "IM"]
[BlackTitle "GM"]
[WhiteElo "2374"]
[BlackElo "2502"]
[WhiteFideId "937517"]
[BlackFideId "4127820"]
[EventDate "2012.03.20"]
[EventType "swiss"]

1. e4 e5 2. Nf3 Nc6 3. d4 exd4 4. Nxd4 Bc5 5. Nb3 Bb4+ 6. Bd2 Bxd2+ 7. Qxd2 Nf6
8. Nc3 O-O 9. O-O-O a5 10. f3 a4 11. Nd4 a3 12. b3 Re8 13. g4 d6 14. h4 Nd7 15.
Nf5 Nc5 16. Nd5 Ne5 17. Be2 Bxf5 18. gxf5 c6 19. Nc3 Qf6 20. Kb1 Rad8 21. Qg5
Ned7 22. Qxf6 Nxf6 23. b4 Na6 24. Bxa6 bxa6 25. Rd4 d5 26. Rhd1 Rb8 27. Kc1 Kf8
28. Kd2 Re7 29. Re1 Reb7 30. exd5 Rxb4 31. Rxb4 Rxb4 32. dxc6 Rd4+ 33. Ke3 Rc4
34. Kd3 Rxc6 35. Re5 Nd7 36. Ra5 Rh6 37. Rxa3 Rxh4 38. Ne4 Rf4 39. Ke3 Rxf5 40.
Rxa6 g5 41. a4 h5 42. a5 h4 43. Ra8+ Kg7 44. a6 Ra5 45. a7 f6 46. c4 h3 47. Kf2
Ra2+ 48. Kg1 Ne5 49. Nd2 g4 50. f4 g3 51. fxe5 h2+ 52. Kg2 Rxd2+ 0-1

[Event "13th EICC"]
[Site "Plovdiv BUL"]
[Date "2012.03.31"]
[Round "11.107"]
[White "Drenchev, Petar"]
[Black "Schroll, Gerhard"]
[Result "1-0"]
[WhiteTitle "GM"]
[BlackTitle "IM"]
[WhiteElo "2499"]
[BlackElo "2388"]
[WhiteFideId "2903261"]
[BlackFideId "1600907"]
[EventDate "2012.03.20"]
[EventType "swiss"]

1. e4 Nf6 2. e5 Nd5 3. d4 d6 4. c4 Nb6 5. exd6 exd6 6. Nc3 Nc6 7. Be3 Be7 8. Bd3
O-O 9. b3 Bf6 10. Nge2 Bg4 11. Qd2 Re8 12. O-O Nb4 13. Bb1 c5 14. f3 Bh5 15. Ne4
Nc6 16. Nxf6+ Qxf6 17. Be4 Qe7 18. dxc5 dxc5 19. Ng3 Bg6 20. Qf2 Nd7 21. Bxc6
bxc6 22. Rfe1 a5 23. Rad1 Ne5 24. Bxc5 Qb7 25. Ne4 Bxe4 26. Rxe4 Nd7 27. Rxe8+
Rxe8 28. Re1 Qa8 29. Rxe8+ Qxe8 30. Qe3 Qa8 31. Bd6 a4 32. b4 h6 33. Bc7 Nf8 34.
Bd6 Ne6 35. Qb6 Qe8 36. Qb8 Qxb8 37. Bxb8 Kf8 38. Kf2 Ke7 39. Ke3 f5 40. Be5 g6
41. Kd3 h5 42. h4 g5 43. hxg5 Nxg5 44. b5 Kd7 45. Kc3 h4 46. Kb4 h3 47. gxh3
Nxh3 48. Kc5 cxb5 49. cxb5 Ng5 50. b6 Ne6+ 51. Kb5 Nd8 52. Kxa4 Kc6 53. Ka5 Ne6
54. Ka6 Kd5 55. f4 Kc6 56. Ka7 Nc5 57. a4 Nb7 58. Bc3 Nd6 59. Ba5 Nc8+ 60. Ka6
Nd6 61. Bb4 Nb7 62. Be7 Na5 63. Kxa5 1-0

[Event "13th EICC"]
[Site "Plovdiv BUL"]
[Date "2012.03.31"]
[Round "11.109"]
[White "Novkovic, Milan"]
[Black "Jianu, Vlad-Cristian"]
[Result "0-1"]
[WhiteTitle "IM"]
[BlackTitle "GM"]
[WhiteElo "2381"]
[BlackElo "2497"]
[WhiteFideId "1613103"]
[BlackFideId "1208110"]
[EventDate "2012.03.20"]
[EventType "swiss"]

1. d4 d5 2. c4 e6 3. Nc3 c5 4. cxd5 exd5 5. Nf3 Nc6 6. g3 Nf6 7. Bg2 Be7 8. O-O
O-O 9. dxc5 Bxc5 10. Na4 Be7 11. Be3 Bg4 12. Rc1 Re8 13. Nc5 Qb6 14. Na4 Qd8 15.
Nc5 Qb6 16. Na4 Qa6 17. a3 Rad8 18. Re1 Ne4 19. Nd4 Ne5 20. f3 Bd7 21. fxe4 Bxa4
22. b3 Bd7 23. exd5 Bxa3 24. Ra1 Qd6 25. h3 Bc5 26. Bf2 Rc8 27. Qb1 Qh6 28. g4
Qf6 29. Nf3 Nxf3+ 30. Bxf3 Bxf2+ 31. Kxf2 h5 32. Kg2 Qf4 33. Ra4 Bxa4 34. bxa4
Rc3 35. Rf1 Rxe2+ 36. Bxe2 Rg3+ 37. Kh2 Rf3+ 0-1

[Event "13th EICC"]
[Site "Plovdiv BUL"]
[Date "2012.03.31"]
[Round "11.110"]
[White "Berescu, Alin-Mile"]
[Black "Erturan, Yakup"]
[Result "1-0"]
[WhiteTitle "GM"]
[BlackTitle "IM"]
[WhiteElo "2494"]
[BlackElo "2370"]
[WhiteFideId "1204920"]
[BlackFideId "6301410"]
[EventDate "2012.03.20"]
[EventType "swiss"]

1. c4 c5 2. g3 g6 3. Bg2 Bg7 4. Nc3 Nc6 5. Nf3 e5 6. O-O Nge7 7. a3 O-O 8. Rb1
a5 9. Ne1 d6 10. Nc2 Be6 11. Ne3 f5 12. d3 h6 13. Ned5 Kh7 14. Bd2 Rb8 15. b4
axb4 16. axb4 cxb4 17. Nxb4 e4 18. Nbd5 Ne5 19. Nf4 Bf7 20. dxe4 Nxc4 21. exf5
Nxf5 22. Ncd5 b5 23. Bb4 Ne7 24. h4 Nxd5 25. Nxd5 Be6 26. e3 Qd7 27. Nf4 Bf5 28.
Rb3 Rfe8 29. Re1 Rbd8 30. Nd5 Bh3 31. h5 g5 32. Bxh3 Qxh3 33. Bc3 Bxc3 34. Rxc3
Re6 35. Qf3 Kg7 36. Ra1 Rd7 37. Qh1 Qf5 38. Rd1 Rf7 39. Qg2 Ne5 40. f4 Nc4 41.
g4 Qe4 42. f5 Re5 43. Qxe4 Rxe4 44. Rd4 Rxd4 45. exd4 Ra7 46. Rb3 Ra1+ 47. Kf2
Ra2+ 48. Kg3 Nd2 49. Rxb5 Nf1+ 50. Kf3 Nh2+ 51. Ke4 Nxg4 52. f6+ Kf7 53. Rb7+
Kf8 54. Kf5 1-0

[Event "13th EICC"]
[Site "Plovdiv BUL"]
[Date "2012.03.31"]
[Round "11.111"]
[White "Antal, Tibor Kende"]
[Black "Perunovic, Miodrag"]
[Result "1-0"]
[WhiteTitle "FM"]
[BlackTitle "IM"]
[WhiteElo "2352"]
[BlackElo "2481"]
[WhiteFideId "738581"]
[BlackFideId "919993"]
[EventDate "2012.03.20"]
[EventType "swiss"]

1. e4 c5 2. Nf3 d6 3. d4 cxd4 4. Nxd4 Nf6 5. Nc3 a6 6. Bg5 Nbd7 7. Qe2 h6 8. Bh4
g6 9. f4 e5 10. fxe5 dxe5 11. Nf3 Bb4 12. O-O-O Bxc3 13. bxc3 Qc7 14. Qc4 Qxc4
15. Bxc4 g5 16. Bg3 Nxe4 17. Nxe5 Nxg3 18. Rhe1 Nxe5 19. Rxe5+ Be6 20. hxg3 Rc8
21. Bxe6 fxe6 22. Rxe6+ Kf7 23. Rb6 Rhe8 24. Rd7+ Re7 25. Rbxb7 Rxd7 26. Rxd7+
Ke6 27. Rd3 h5 28. Kb2 Rb8+ 29. Ka3 Rb1 30. c4 Rg1 31. Rd2 Re1 32. c5 Re4 33.
Kb3 a5 34. a3 a4+ 35. Kc3 Ke7 36. c6 Re6 37. Kb4 Rxc6 38. c4 Rc8 39. c5 Ke6 40.
Kb5 Rb8+ 41. Kxa4 Ke7 42. Rd5 Rb2 43. Rxg5 Kd7 44. Rxh5 Kc6 45. Rg5 Rb8 46. Rg4
Kxc5 47. Rb4 Re8 48. g4 Re3 49. Rb5+ Kc6 50. Rg5 Rg3 51. Kb4 Rxg2 52. a4 Rb2+
53. Kc3 Ra2 54. a5 Ra4 55. Kd3 Kd7 56. Ke3 Ke7 57. Kf3 Kf6 58. Rf5+ Kg6 59. Rb5
Kf6 60. Kg3 Ra1 61. g5+ Ke6 62. Kg4 Kf7 63. Kf5 Ke7 64. Kg6 Kf8 65. Kf6 Rf1+ 66.
Ke6 Re1+ 67. Kd6 Kf7 68. Rb7+ Kg6 69. a6 Ra1 70. a7 1-0

[Event "13th EICC"]
[Site "Plovdiv BUL"]
[Date "2012.03.31"]
[Round "11.115"]
[White "Hunt, Adam C"]
[Black "Balla, Tamas-Kristof"]
[Result "1/2-1/2"]
[WhiteTitle "IM"]
[BlackTitle "FM"]
[WhiteElo "2454"]
[BlackElo "2369"]
[WhiteFideId "403970"]
[BlackFideId "1208497"]
[EventDate "2012.03.20"]
[EventType "swiss"]

1. e4 c5 2. Nf3 e6 3. d4 cxd4 4. Nxd4 a6 5. Bd3 Bc5 6. Nb3 Ba7 7. Qe2 d6 8. Be3
Nc6 9. O-O e5 10. c4 Nge7 11. Nc3 O-O 12. Rfd1 Nd4 13. Bxd4 exd4 14. Nd5 Nc6 15.
Kh1 Be6 16. f4 Qd7 17. Re1 f6 18. Qh5 g6 19. Qh4 Qg7 20. Rad1 Rae8 21. a3 Kh8
22. Qg3 Rg8 23. Nd2 g5 24. fxg5 fxg5 25. Rf1 Ref8 26. Nf3 h6 27. b4 Ne5 28. Nxe5
dxe5 29. Rxf8 Rxf8 30. Rf1 Bb8 31. Rxf8+ Qxf8 32. Qf3 Qxf3 33. gxf3 Kg7 34. Kg2
Kf7 35. Kf2 h5 36. c5 h4 37. Kg2 Ba7 38. Bc4 a5 39. Bd3 Bd7 40. Bc4 Be6 41. Bd3
Bd7 42. Bc4 1/2-1/2

[Event "13th EICC"]
[Site "Plovdiv BUL"]
[Date "2012.03.31"]
[Round "11.116"]
[White "Hagen, Andreas Skytte"]
[Black "Pavlidis, Anastasios"]
[Result "0-1"]
[WhiteTitle "IM"]
[BlackTitle "FM"]
[WhiteElo "2453"]
[BlackElo "2363"]
[WhiteFideId "1407341"]
[BlackFideId "4208404"]
[EventDate "2012.03.20"]
[EventType "swiss"]

1. e4 c5 2. Nf3 d6 3. d4 cxd4 4. Nxd4 Nf6 5. Nc3 g6 6. Be3 Bg7 7. f3 Nc6 8. Qd2
O-O 9. O-O-O d5 10. exd5 Nxd5 11. Nxc6 bxc6 12. Bd4 Bxd4 13. Qxd4 Qb6 14. Na4
Qc7 15. Bc4 Rd8 16. Bb3 Be6 17. Nc5 Nf4 18. Nxe6 Nxe6 19. Qe3 Nf4 20. g3 Nd5 21.
Qg5 e6 22. h4 h6 23. Qxh6 Qxg3 24. h5 Qf4+ 25. Qxf4 Nxf4 26. hxg6 Nxg6 27. Ba4
c5 28. Bc6 Rac8 29. Bb7 Rxd1+ 30. Rxd1 Rc7 31. Ba6 Kg7 32. Rd8 Ne5 33. Be2 f5
34. Kd2 Nc6 35. Ra8 Rd7+ 36. Ke3 Nb4 37. c3 Nd5+ 38. Kf2 Rb7 39. c4 Nf4 40. b3
Rd7 41. Rc8 e5 42. Ke3 Ne6 43. a3 f4+ 44. Kf2 Rd2 45. Ke1 Rb2 46. Bd1 Kf6 47.
Ra8 Nd4 48. Rxa7 Rb1 49. Kd2 Nxb3+ 50. Bxb3 Rxb3 51. Ke2 Re3+ 52. Kf2 Rc3 53. a4
Rxc4 54. a5 Rc2+ 55. Ke1 Ra2 56. a6 Ke6 57. Rh7 Kd5 58. a7 Kd4 59. Re7 c4 60.
Kd1 c3 61. Kc1 Kd3 62. Kb1 Ra6 63. Rc7 e4 64. fxe4 f3 65. Rd7+ Ke2 66. Kc2 f2
67. Rf7 f1=Q 68. Rxf1 Kxf1 69. Kxc3 Ke2 70. Kd4 Kf3 71. e5 Kf4 72. Kd5 Kf5 0-1

[Event "13th EICC"]
[Site "Plovdiv BUL"]
[Date "2012.03.31"]
[Round "11.119"]
[White "Kourousis, Epaminondas"]
[Black "Ivanov, Alexey3"]
[Result "1/2-1/2"]
[BlackTitle "IM"]
[WhiteElo "2284"]
[BlackElo "2424"]
[WhiteFideId "4211626"]
[BlackFideId "4167635"]
[EventDate "2012.03.20"]
[EventType "swiss"]

1. d4 Nf6 2. c4 e6 3. Nf3 d5 4. cxd5 exd5 5. Nc3 Be7 6. Qc2 c6 7. Bf4 O-O 8. e3
Nbd7 9. Bd3 Re8 10. O-O Nf8 11. h3 Ng6 12. Bh2 Bd6 13. Bxd6 Qxd6 14. Rab1 Bd7
15. b4 Rac8 16. Rfc1 b5 17. a4 a6 18. Ne2 Ne4 19. Bxe4 Rxe4 20. Ng3 Ree8 21. Qc5
Qb8 22. Rc3 Nf8 23. Ne5 f6 24. Qxf8+ Rxf8 25. Nxd7 Qd6 26. Nxf8 Kxf8 27. a5 Ke8
28. Ne2 h5 29. Nf4 h4 30. Nd3 g5 31. Nc5 Ra8 32. Rbc1 Ra7 33. Nd3 Rc7 34. Nc5
Ra7 35. Nd3 Rc7 36. Nc5 Ra7 37. Nd3 Rc7 38. Nc5 1/2-1/2